| 000 | 01071cam a22002534a 4500 | ||
|---|---|---|---|
| 005 | 20131029101756.0 | ||
| 008 | 030108s2003 nyu b 001 0 eng | ||
| 020 | _a0465068626 | ||
| 041 | _aeng | ||
| 080 | _a303 | ||
| 100 | 1 |
_aRees, Martin J., _d1942- |
|
| 245 | 1 | 0 |
_aOur final hour : _cMartin Rees. |
| 260 |
_aNew York : _bBasic Books, _cc2003. |
||
| 300 |
_aviii, 228 p. ; _c22 cm. |
||
| 500 | _aPreface : f. VII-VIII | ||
| 504 | _aIncludes bibliographical references (p. 189-208) and index. | ||
| 650 | 0 | _vPolitika botërore | |
| 650 | 0 |
_aFatëkeqësitë _xParashikimet |
|
| 650 | 0 | _aFundi i botës | |
| 856 | 4 | 1 |
_3Table of contents _uhttp://www.loc.gov/catdir/toc/fy044/2003000301.html |
| 856 | 4 | 2 |
_3Contributor biographical information _uhttp://www.loc.gov/catdir/enhancements/fy0832/2003000301-b.html |
| 856 | 4 | 2 |
_3Publisher description _uhttp://www.loc.gov/catdir/enhancements/fy0832/2003000301-d.html |
| 942 |
_2udc _cBK |
||
| 999 |
_c204 _d204 |
||